00997cam a22002655i 450000100090000000300040000900500170001300800410003001000170007102000180008804000230010604200150012908200170014424501720016126400650033330000580039833600210045633700250047733800230050250400410052590600450056694200120061199900130062395200950063619279815OSt20230607082401.0160920s2015 ke a b 000 0 eng  a 2015333805 a9789966083630 aDLCbengcDLCerda alcodeapcc a967.662bDEK00aProceedings of 2014/2015 DeKUT African Liberations Conferences on Mau Mau and other African Heroes :b"African liberation through the eyes of education and technology. 1aNyeri, Kenya :bMau Mau Educational Committee (MMEC),c2015. axix, 445 pages :billustrations (some color) ;c30 cm atext2rdacontent aunmediated2rdamedia avolume2rdacarrier aIncludes bibliographical references. a0bibccorigoded3encipf20gy-gencatlg 2ddccBK c754d754 00102ddc4070a001b001d2023-06-07l0o967.662 DEKp1000588r2023-06-07w2023-06-07yBK